00664 2200265 4500001002100000005001500021035002000036007000300056008004100059020002200100082000800122084001400130100002100144245006200165250001000227260003400237300003600271650002500307990001100332990001100343990001100354990001100365990001100376990001100387INLIS00000000000415820191007092606 a0010-1019000010ta191007 g 0 ind  a978-602-6874-92-4 a910 a910 FAR e0 aFARMAWATY, Malik1 aEvaluasi Branding Pariwisata Indonesia /cFarmawaty Malik acet.1 aMalang :bInteligensia,c2017 axii, 91 hlm. :bilus. ;c23 cm. 4aGEOGRAFI. PARIWISATA a6935 a a6935 b a6934 a a6935 b a6934 b a6934 a